| 000 | 00562nam a22001817a 4500 | ||
|---|---|---|---|
| 003 | CEME | ||
| 005 | 20210628205237.0 | ||
| 008 | 210223b xxu||||| |||| 00| 0 eng d | ||
| 020 | _a0-13-253477-0 | ||
| 040 | _c. | ||
| 082 | _a681.2 WRI'A | ||
| 100 |
_aWright, Chrales _974546 |
||
| 245 | _aApplied measurement engineering how to design effective mechanical measurementb systems | ||
| 260 |
_aNEWJERSCY _bPRENTICE HALL _c1995 |
||
| 300 | _aXX,402P | ||
| 650 |
_aELECTRONIC INSTRUMENTS MEASURING INSTRUMENTS ENGINEERING INSTRUMENTS _974547 |
||
| 942 |
_cBK _2ddc |
||
| 999 |
_c580064 _d580064 |
||